Historyczne statki według jednej podpowiedzi - Statystyki

Ogólne statystyki
  • Ten quiz został rozwiązany 54 razy
  • Średni wynik to 4 z 15
Statystyki odpowiedzi
Podpowiedź Statek % Poprawnych
Zatonął po zderzeniu z górą lodową w 1912 Titanic
100%
Sławny statek, który nigdy nie odbył swego głównego pierwszego rejsu Britannic
43%
Największy transatlantyk Polski Batory
41%
Statek, który uratował ocalałych z Titanic'a Carpathia
41%
Został zaatakowany przez U-103, a sam go zatopił Olympic
30%
Największy pancernik świata Yamato
30%
Siostrzany statek Lusitanii i Mauretanii Aquitania
20%
Znany statek z Cunard Line, który miał aż 4 wersje Mauretania
20%
Statek z największą liczbą zgonów Wilhelm Gustloff
20%
Francuski luksusowy statek, który uległ podpaleniu w 1942 Normandie
11%
Największy transatlantyk Queen Mary 2
11%
Najszybszy transatlantyk United States
9%
Pierwszy tranatlantyk Great Western
7%
Zatonął po zderzeniu ze statkiem SS Storstad w 1914 Empress of Ireland
5%
Statek, który jako pierwszy przebił Titanic'a podwzględem wielkości Imperator
5%
Nie znaleziono quizów pasujących do podanych kryteriów
Rozkład punktacji
Procent ludzi z każdym wynikiem
Percentyl według liczby udzielonych odpowiedzi
Twoja historia wyników
Nie rozwiązałeś tego quizu